Regions of Continents *3 - Statistics

General Stats
  • This quiz has been taken 87 times
  • The average score is 5 of 6
Answer Stats
Region Continent % Correct
Alps Europe
94%
Tierra del Fuego South America
94%
Melanesia Australia, Oceania
90%
Taklamakan Asia
83%
Nubia Africa
74%
Arctic Archipelago North America
64%
No matching quizzes found
Score Distribution
Percent of People with Each Score
Percentile by Number Answered
Your Score History
You have not taken this quiz